| 000 | 00659nam a2200217Ii 4500 | ||
|---|---|---|---|
| 003 | JO-AjNU | ||
| 008 | 230605s9999||||xx |||||||||||||| ||und|| | ||
| 020 | _a9953-72-116-5 | ||
| 040 |
_aJO-AjNU _bara _erda _cJO-AjNU |
||
| 041 | _aara | ||
| 050 | 1 | 4 | _aRM666 |
| 100 | 3 |
_aرزق ، هيام/ م مشارك علامة ، معصوم, _eauthor _913288 |
|
| 245 | 0 | 0 | _aاسرار العسل العجيبة |
| 250 | _aط1 | ||
| 264 | 3 | 1 | _aالقاهرة:دار القلم للطباعة ، 1900 |
| 300 | _a100ص | ||
| 336 |
_atext _btxt _2rdacontent |
||
| 337 |
_aunmediated _bn _2rdamedia |
||
| 338 |
_avolume _bnc _2rdacarrier |
||
| 650 | 4 |
_aالعسل _913289 |
|
| 999 |
_aA3270 _c6838 _d6838 |
||